The letters and journals of Simon Fraser, 1806-1808 / (Record no. 23395)
[ view plain ]
| 000 -LEADER | |
|---|---|
| fixed length control field | 01468nam a22003617a 4500 |
| 001 - CONTROL NUMBER | |
| control field | 23395 |
| 003 - CONTROL NUMBER IDENTIFIER | |
| rucl marc code | BD-RjUL |
| 005 - DATE AND TIME OF LATEST TRANSACTION | |
| control field | 20211209000926.0 |
| 008 - FIXED-LENGTH DATA ELEMENTS--GENERAL INFORMATION | |
| fixed length control field | 140310s1960 ca b 001 0deng d |
| 035 ## - SYSTEM CONTROL NUMBER | |
| System control number | (BD-RjUL)23460 |
| -- | (OCoLC)ocn123892209 |
| 040 ## - CATALOGING SOURCE | |
| Original cataloging agency | NLC |
| Language of cataloging | eng |
| Transcribing agency | NLC |
| Modifying agency | BTCTA |
| -- | DLC |
| -- | BD-RjUL |
| 041 ## - LANGUAGE CODE | |
| Language code of text/sound track or separate title | eng |
| 082 04 - DEWEY DECIMAL CLASSIFICATION NUMBER | |
| Classification number | 971.1302 |
| Edition number | 22 |
| Author mark and year | FRL 1960 |
| 100 1# - MAIN ENTRY--PERSONAL NAME | |
| Personal name | Fraser, Simon, |
| Dates associated with a name | 1776-1862. |
| 9 (RLIN) | 72046 |
| 245 14 - TITLE STATEMENT | |
| Title | The letters and journals of Simon Fraser, 1806-1808 / |
| Statement of responsibility, etc. | edited and introduced by W. Kaye Lamb. |
| 260 ## - PUBLICATION, DISTRIBUTION, ETC. (IMPRINT) | |
| Place of publication, distribution, etc. | Toronto : |
| Name of publisher, distributor, etc. | Dundurn Press, |
| Date of publication, distribution, etc. | c1960. |
| 300 ## - PHYSICAL DESCRIPTION | |
| Pagination | 392 p. ; |
| Size | 22 cm. |
| 504 ## - BIBLIOGRAPHY, ETC. NOTE | |
| Bibliography, etc | Includes bibliographical references and index. |
| 600 10 - SUBJECT ADDED ENTRY--PERSONAL NAME | |
| Personal name | Fraser, Simon, |
| Dates associated with a name | 1776-1862 |
| General subdivision | Travel |
| Geographic subdivision | British Columbia |
| -- | Fraser River. |
| Personal name | Fraser, Simon, |
| Dates associated with a name | 1776-1862. |
| Personal name | Fraser, Simon, |
| Dates associated with a name | 1776-1862 |
| General subdivision | Voyages |
| Geographic subdivision | Colombie-Britannique |
| -- | Fraser, Fleuve. |
| Personal name | Fraser, Simon, |
| Dates associated with a name | 1776-1862. |
| 650 #0 - SUBJECT ADDED ENTRY--TOPICAL TERM | |
| Topical term or geographic name as entry element | Explorers |
| Geographic subdivision | Canada |
| Form subdivision | Biography. |
| 9 (RLIN) | 72051 |
| Topical term or geographic name as entry element | Explorateurs |
| Geographic subdivision | Canada |
| Form subdivision | Biographies. |
| 9 (RLIN) | 72052 |
| 651 #0 - SUBJECT ADDED ENTRY--GEOGRAPHIC NAME | |
| Geographic name | Fraser River (B.C.) |
| General subdivision | Description and travel. |
| 9 (RLIN) | 72053 |
| Geographic name | British Columbia |
| General subdivision | Discovery and exploration. |
| 9 (RLIN) | 72054 |
| Geographic name | Fraser, Fleuve (C.-B.) |
| General subdivision | Descriptions et voyages. |
| 9 (RLIN) | 72055 |
| Geographic name | Colombie-Britannique |
| General subdivision | Découverte et exploration. |
| 9 (RLIN) | 72056 |
| 700 1# - ADDED ENTRY--PERSONAL NAME | |
| Personal name | Lamb, W. Kaye |
| Fuller form of name | (William Kaye), |
| Dates associated with a name | 1904- |
| 942 ## - ADDED ENTRY ELEMENTS (KOHA) | |
| Source of classification or shelving scheme | Dewey Decimal Classification |
| Koha item type | Books |
| Lost status | Source of classification or shelving scheme | Damaged status | Not for loan | Collection code | Permanent Location | Current Location | Shelving location | Date acquired | Source of acquisition | Total Checkouts | Full call number | Date last seen | Copy number | Koha item type |
|---|---|---|---|---|---|---|---|---|---|---|---|---|---|---|
| Dewey Decimal Classification | Added to bundle | Non-fiction | Central Library, University of Rajshahi | Central Library, University of Rajshahi | Reading Room | 06/07/1962 | Office of High Commission Canada, Gift. | 971.1302 FRL 1960 | 10/03/2014 | C-1 | Books |